Las cuestiones fundamentales de actualidad en México / (Record no. 74402)

MARC details
000 -LEADER
campo de control de longitud fija 00533nam a2200169 i 4500
001 - NÚMERO DE CONTROL
campo de control 74402
003 - IDENTIFICADOR DE NÚMERO DE CONTROL
campo de control ES-MaACL
005 - FECHA Y HORA DE LA ÚLTIMA TRANSACCIÓN
campo de control 20230906172124.0
007 - CAMPO FIJO DE DESCRIPCIÓN FÍSICA--INFORMACIÓN GENERAL
campo de control de longitud fija t|
008 - DATOS DE LONGITUD FIJA--INFORMACIÓN GENERAL
campo de control de longitud fija 040917s1927 mx ||||1| spa d
100 1# - ENTRADA PRINCIPAL--NOMBRE DE PERSONA
Nombre de persona González Roa, Fernando.
9 (RLIN) 58915
245 14 - MENCIÓN DEL TÍTULO
Título Las cuestiones fundamentales de actualidad en México /
Mención de responsabilidad, etc. Fernando González Roa.
260 ## - PUBLICACIÓN, DISTRIBUCIÓN, ETC.
Lugar de publicación, distribución, etc. México :
Nombre del editor, distribuidor, etc. [s. n.,
Fecha de publicación, distribución, etc. 1927] (
Fabricante Imp. de la Secretaría de Relaciones Exteriores)
300 ## - DESCRIPCIÓN FÍSICA
Extensión 252 p. ;
Dimensiones 24 cm.
852 ## - LOCALIZACIÓN
Ubicación ES-MaACL
Número de control de estantería A-1026
852 ## - LOCALIZACIÓN
Ubicación ES-MaACL
Número de control de estantería F-8315
Holdings
Estatus retirado Estado de pérdida Estado de daño No para préstamo Biblioteca de origen Biblioteca actual Ubicación en estantería Fecha de adquisición Fuente de adquisición Total de préstamos Signatura topográfica completa Código de barras Visto por última vez Precio de reemplazo Tipo de ítem Koha
        Biblioteca del Ateneo de Madrid Biblioteca del Ateneo de Madrid Sala Pecera Planta 2 17/01/2008     F-8315 1077885 23/02/2023 23/02/2023 Libro impreso
        Biblioteca del Ateneo de Madrid Biblioteca del Ateneo de Madrid Depósito 1 17/01/2008     A-1026 1077884 23/02/2023 23/02/2023 Libro impreso